Ille-et-Vilaine - mort subite - Statistiques

Statistiques générales
  • Ce quiz a été pris 60 fois
    46 depuis la dernière actualisation
  • Le résultat moyen est 10 sur 18
Answers on the Grid
Answers color-coded by a green-red scale on the quiz's grid according to % correct below.
Île du Nord
Une frontière avec Maine-et-Loire
Dinan
Leyte
Terre-Neuve
Islande
Marajó
La côte d'Émeraude
Corps-Nuds
Dinard
Halmahera
Vitré
Deventer
Plélan-le-Grand
Île Alexandre-Ier
Shikoku
Bruz
Severny
Île du Cap-Breton
Un réseau de métro
Vieux-Vy-sur-Couesnon
Chiloé
Saint-Malo
La Chapelle-aux-Filtzméens
Les Malouines
Rennes
Cesson-Sévigné
Chichagof
Prozor
Janzé
Dinart
Saint-Suliac
L'Hermitage
Maen-Roch
La Courrouze
Eubée
 
Statistiques - réponses
Réponse % Correct
Saint-Malo
83%
Rennes
79%
Vitré
79%
Bruz
72%
Cesson-Sévigné
72%
Rennes (une fois la plus petite ville du monde dotée d'un métro) Un réseau de métro
69%
Dinard
66%
Janzé
59%
Village Corps-Nuds
52%
Plélan-le-Grand
52%
La Courrouze
48%
L'Hermitage
48%
Maen-Roch
45%
Saint-Suliac
45%
La frontière départementale la plus courte Une frontière avec Maine-et-Loire
41%
La côte d'Émeraude
38%
La Chapelle-aux-Filtzméens
34%
Vieux-Vy-sur-Couesnon
31%
Aucun quiz correspondant
Distribution des résultats
% des personnes avec chaque résultat
Percentile par nombre de réponses
Votre historique - résultats
Vous n’avez pas pris ce quiz depuis la dernière actualisation